000 00373nam a2200157Ia 4500
003 OSt
005 20240123113034.0
008 170524s9999 xx 000 0 und d
020 _a 978-93-5097-911-2
040 _cIIMT UNIVERSITY
100 _aSrivastava-R.M
100 _c2004
245 0 _aManagement of Indian Financial Institution
260 _aHPH
942 _2ddc
_c01
999 _c2344
_d2344